| 000 | 00573nam a22002057a 4500 | ||
|---|---|---|---|
| 005 | 20231019142942.0 | ||
| 008 | 231019b ||||| |||| 00| 0 eng d | ||
| 020 | _a9789393805409 | ||
| 040 |
_aIN-DiNC _cIN-DiNC |
||
| 041 | _dasm | ||
| 082 |
_a301.095416 _bBOR |
||
| 100 |
_aBorgohain, Himanta _eauthor |
||
| 245 |
_aUttar pub Bharatar samaj/ _cby Himanta Borgohain and Pradip Borah |
||
| 250 | _a2nd ed. | ||
| 260 |
_aDibrugarh: _bBanalata, _c2023. |
||
| 300 | _a373p. | ||
| 650 | _aSociety in North East India | ||
| 700 |
_aBorah, Pradip _eauthor |
||
| 942 |
_2ddc _cBK |
||
| 999 |
_c11711 _d11711 |
||